| 000 | 00350nam a2200145Ia 4500 | ||
|---|---|---|---|
| 008 | 240624s9999 xx 000 0 und d | ||
| 041 | _aeng | ||
| 082 | _a658.87 BAJ | ||
| 100 | _aBAJAJ CHETAN | ||
| 245 | _aRETAIL MANAGEMENT | ||
| 250 | _a(2nd ed.) | ||
| 260 |
_c2014 _aNew Delhi _bOxford |
||
| 300 | _axix, : 772 : p. : cm. ; 26 | ||
| 365 |
_cRS _b31 |
||
| 999 |
_c24948 _d24948 |
||